Historia de la música religiosa en España

Guardat en:
Dades bibliogràfiques
Autor principal: Aráiz, Andrés (Autor)
Format: Llibre
Idioma:espanyol
Publicat: Barcelona, España Labor 1942
Col·lecció:Colección Labor, Sección V. Música, 408-409
Matèries:
Etiquetes: Afegir etiqueta
Sense etiquetes, Sigues el primer a etiquetar aquest registre!

MARC

LEADER 00000nam a2200000 a 4500
001 UCN2995
003 CL-VaPUC
005 20220809074532.0
008 010615e19420000SP |||||||||||||||||spa|d
999 |c 296010  |d 296008 
040 |c Pontificia Universidad Católica de Valparaíso 
082 0 4 |a 781.70946 ARA 1942  |2 21 
100 0 |a Aráiz, Andrés  |e author  |9 459364 
245 1 0 |a Historia de la música religiosa en España 
260 |a Barcelona, España  |b Labor  |c 1942 
300 |a 312 páginas 
490 0 |a Colección Labor, Sección V. Música,  |v  408-409 
500 |a Donación Padres Capuchinos 
583 |a last modification  |c 20010615 00:00:00  |k Rodrigo Vera 
650 0 |a Música sacra  |z ESPAÑA  |9 306656 
650 0 |a Música española  |9 306755 
650 0 |a Música instrumental  |z ESPAÑA  |9 375235 
852 |a BIBCUR 
942 |c BK  |2 ddc 
945 |d 20010615 00:00:00  |a crobeson 
952 |0 0  |1 0  |2 ddc  |4 0  |6 781_709460000000000_ARA_1942  |7 0  |8 X  |9 349486  |a FDOBUD  |b FDOBUD  |d 2019-11-20  |i 4401751  |o 781.70946 ARA 1942  |p 4401751  |r 2019-11-20  |t 2  |w 2019-11-20  |y BK_X  |k BUD